इंटरव्यू में सफल कैसे हो ? / (Record no. 209928)
[ view plain ]
| 000 -LEADER | |
|---|---|
| fixed length control field | 00686nam a22001457a 4500 |
| 005 - DATE AND TIME OF LATEST TRANSACTION | |
| control field | 20250301151834.0 |
| 010 ## - LCCN (DPL NO) | |
| LC control number | 25BACHN25 |
| 020 ## - INTERNATIONAL STANDARD BOOK NUMBER | |
| International Standard Book Number | 9789392732942 |
| Terms of availability | 495.00 |
| 037 ## - SOURCE OF ACQUISITION | |
| Source of stock number/acquisition | ट्रांस ग्लोबल पब्लिशिंग कं. |
| 100 ## - MAIN ENTRY--PERSONAL NAME | |
| Personal name | शर्मा, पवित्र कुमार |
| 245 ## - TITLE STATEMENT | |
| Title | इंटरव्यू में सफल कैसे हो ? / |
| Statement of responsibility, etc | पवित्र कुमार शर्मा |
| 260 ## - PUBLICATION, DISTRIBUTION, ETC. (IMPRINT) | |
| Place of publication, distribution, etc | नई दिल्ली |
| Name of publisher, distributor, etc | ट्रांस ग्लोबल पब्लिशिंग कं. |
| Date of publication, distribution, etc | 2024 |
| 300 ## - PHYSICAL DESCRIPTION | |
| Extent | 167पृ. |
| Dimensions | 23सेमी (सजिल्द) |
| 942 ## - ADDED ENTRY ELEMENTS (KOHA) | |
| Source of classification or shelving scheme | Dewey Decimal Classification |
| Item type | English Books |
| Call number suffix | शर्माप |
No items available.
